Upside Down Flags #3 - Statistics

General Stats
  • This quiz has been taken 55 times
  • The average score is 19 of 20
Answer Stats
Picture Answer % Correct
Argentina
100%
Georgia
100%
Nepal
100%
Saudi Arabia
100%
Algeria
98%
Sri Lanka
98%
Ethiopia
96%
Malta
96%
Niger
96%
Oman
96%
Andorra
94%
Dominican Republic
94%
Haiti
94%
Turkmenistan
94%
Micronesia
92%
Namibia
92%
Samoa
92%
Azerbaijan
90%
Tuvalu
90%
Guinea
88%
No matching quizzes found
Score Distribution
Percent of People with Each Score
Percentile by Number Answered
Your Score History
You have not taken this quiz